<?xml version="1.0" encoding="UTF-8"?>
<collection xmlns="http://www.loc.gov/MARC21/slim">
 <record>
  <leader>02442nab a2200229 i 4500</leader>
  <controlfield tag="001">misc70818</controlfield>
  <controlfield tag="005">20220427100922.0</controlfield>
  <controlfield tag="008">220427s2021    hu      o     0||   hun d</controlfield>
  <datafield tag="022" ind1=" " ind2=" ">
   <subfield code="a">1215-5233</subfield>
  </datafield>
  <datafield tag="024" ind1="7" ind2=" ">
   <subfield code="a">10.14232/ISKKULT.2021.11-12.54</subfield>
   <subfield code="2">doi</subfield>
  </datafield>
  <datafield tag="040" ind1=" " ind2=" ">
   <subfield code="a">SZTE Miscellanea Repozitórium</subfield>
   <subfield code="b">hun</subfield>
  </datafield>
  <datafield tag="041" ind1=" " ind2=" ">
   <subfield code="a">hun</subfield>
  </datafield>
  <datafield tag="100" ind1="1" ind2=" ">
   <subfield code="a">Kojanitz László</subfield>
  </datafield>
  <datafield tag="245" ind1="1" ind2="2">
   <subfield code="a">A videóinterjús óratervek elemzésének eredményei és tanulságai</subfield>
   <subfield code="h">[elektronikus dokumentum] /</subfield>
   <subfield code="c"> Kojanitz László</subfield>
  </datafield>
  <datafield tag="260" ind1=" " ind2=" ">
   <subfield code="a">Szegedi Tudományegyetem, Bölcsészet- és Társadalomtudományi Kar</subfield>
   <subfield code="b">Szeged</subfield>
   <subfield code="c">2021</subfield>
  </datafield>
  <datafield tag="300" ind1=" " ind2=" ">
   <subfield code="a">54-78</subfield>
  </datafield>
  <datafield tag="490" ind1="0" ind2=" ">
   <subfield code="a">Iskolakultúra</subfield>
   <subfield code="v">31 No. 11-12</subfield>
  </datafield>
  <datafield tag="520" ind1="3" ind2=" ">
   <subfield code="a">Az MTA Tantárgy-pedagógiai Kutatási Program keretében az MTA-SZTE Elbeszélt Történelem és Történelemtanítás Kutatócsoport óraterveket dolgozott ki, hogy ösztönzést és módszertani segítséget adjon az elbeszélt történelem forrásainak használatához. A készítőktől azt kérték, hogy a videóinterjúk alkalmazását állítsák a következő négy stratégiai cél szolgálatába: a történelmi gondolkodás fejlesztése; a tanulók aktivitását erősítő tanítási módszerek alkalmazása; a tanulók történelemszemléletének formálása; a történelmi gondolkodáshoz szükséges attitűdök kialakítása. Az itt bemutatott vizsgálat célja annak elemzése és értékelése volt, hogy a mintának szánt óratervek hogyan használták ki az elbeszélt történelem forrásaiban rejlő történelemdidaktikai lehetőségeket és milyen mértékben valósították meg a kitűzött célokat. The MTA-SZTE Oral History and History Education Research Team has developed lesson plans to provide encouragement and methodological assistance for the use of sources of narrated history. The developers were asked to use video interviews to match the following strategic aims: developing historical thinking and attitudes; motivating student activity; shaping students’ view of history. The aim of the study is to analyze and evaluate how lesson plans took advantage of the historical didactic possibilities inherent in the sources of narrated history and to what extent they achieved the didactic goals.</subfield>
  </datafield>
  <datafield tag="650" ind1=" " ind2="4">
   <subfield code="a">Társadalomtudományok</subfield>
  </datafield>
  <datafield tag="650" ind1=" " ind2="4">
   <subfield code="a">Oktatástudomány</subfield>
  </datafield>
  <datafield tag="695" ind1=" " ind2=" ">
   <subfield code="a">Történelem tanítása, Történelem tanulása, Oktatási módszer</subfield>
  </datafield>
  <datafield tag="856" ind1="4" ind2="0">
   <subfield code="u">http://misc.bibl.u-szeged.hu/70818/1/iskolakultura_2021_011_012_054-078.pdf</subfield>
   <subfield code="z">Dokumentum-elérés </subfield>
  </datafield>
 </record>
</collection>
